[Collection of keyboard music, instrumental music, songs with continuo, etc., by various composers.
Saved in:
| Corporate Author: | |
|---|---|
| Other Authors: | |
| Format: | Musical Score |
| Language: | English |
| Published: |
16--]
|
| Subjects: | |
| Tags: |
Add Tag
No Tags, Be the first to tag this record!
|
| LEADER | 00982ndm a2200265 4500 | ||
|---|---|---|---|
| 001 | 007787155-3 | ||
| 005 | 20020606104010.5 | ||
| 008 | 980512s16uu xx muz| a nn| eng d | ||
| 035 | 0 | |a ocm39324435 | |
| 040 | |a MH-Mu |c MH-Mu | ||
| 047 | |a sg |a zz | ||
| 110 | 2 | |a Fitzwilliam Museum. |b Library. |k Manuscript. |n Marlay 15. | |
| 245 | 0 | 0 | |a [Collection of keyboard music, instrumental music, songs with continuo, etc., by various composers. |
| 260 | |c 16--] | ||
| 300 | |a Ms. score ([1 v.]) | ||
| 500 | |a Manuscript. Original in the Fitzwilliam Museum, Cambridge (GB Cfm). | ||
| 500 | |a Cover label: John Bull, doctor of musique, organiste and gentelman of her maiesties most honorable chappell. | ||
| 500 | |a Ms. compiled by John Bull. | ||
| 650 | 0 | |a Keyboard instrument music |y 17th century. | |
| 650 | 0 | |a Songs with continuo |y 17th century. | |
| 650 | 0 | |a Instrumental music |y 17th century. | |
| 650 | 0 | |a Music |x Manuscripts. | |
| 700 | 1 | |a Bull, John, |d -1628. | |
| 988 | |a 20020608 | ||
| 906 | |0 MH | ||


